Missing Word: Channing Tatum Quiz Stats

 Plays Quiz Updated Aug 17, 2014

Challenge
Share
Tweet
Embed
Score 0/16 Timer 02:00
0 Plays Today
Movie Missing Word % Correct
21 Jump ______Street
98.8%
_____ MikeMagic
84.7%
Step __Up
78.5%
____ JohnDear
73.9%
She's the ___Man
73.8%
Coach ______Carter
69.4%
White ____ DownHouse
67.8%
G.I. Joe: The Rise of the _____Cobra
54.4%
Movie Missing Word % Correct
______ EnemiesPublic
49.9%
This Is The ___End
41.2%
____ EffectsSide
36.6%
G.I. Joe: ___________Retaliation
25.2%
Stop-____Loss
17.8%
A Guide to Recognizing Your ______Saints
13.7%
The ___ of No OneSon
11.2%
______ in SeattleBattle
7.3%

Today's Daily Dose

Quick Pick
The Muppets

On This Day
December 19th II

You're not logged in!

Compare scores with friends on all Sporcle quizzes.
OR
Log In

You Might Also Like...

Show Comments

Extras

Top Quizzes Today


Score Distribution

Your Account Isn't Verified!

In order to create a playlist on Sporcle, you need to verify the email address you used during registration. Go to your Sporcle Settings to finish the process.

Report this User

Report this user for behavior that violates our Community Guidelines.

Details: